Catálogo

INTRODUCCIÓN A LA ADMINISTRACIÓN CON ENFOQUE DE CONTINGENCIAS (Registro nro. 26946)

Detalles MARC
000 -LEADER
fixed length control field 00472nam a2200181 a 4500
001 - CONTROL NUMBER
control field 26946
005 - DATE AND TIME OF LATEST TRANSACTION
control field 20180713225552.0
008 - FIXED-LENGTH DATA ELEMENTS--GENERAL INFORMATION
fixed length control field 140415s1982 mx 000 0 spa d
020 ## - INTERNATIONAL STANDARD BOOK NUMBER
International Standard Book Number 9686046135
041 ## - LANGUAGE CODE
Language code of text/sound track or separate title spa
082 ## - DEWEY DECIMAL CLASSIFICATION NUMBER
Classification number 658
100 1# - MAIN ENTRY--PERSONAL NAME
Personal name LUTHANS, FRED
245 10 - TITLE STATEMENT
Title INTRODUCCIÓN A LA ADMINISTRACIÓN CON ENFOQUE DE CONTINGENCIAS
250 ## - EDITION STATEMENT
Edition statement 1a ed.
260 ## - PUBLICATION, DISTRIBUTION, ETC.
Place of publication, distribution, etc. MEXICO :
Name of publisher, distributor, etc. MC GRAW HILL,
Date of publication, distribution, etc. 1982
520 ## - SUMMARY, ETC.
Summary, etc. CG
650 14 - SUBJECT ADDED ENTRY--TOPICAL TERM
Topical term or geographic name entry element ADMINISTRACION
Existencias
Withdrawn status Lost status Source of classification or shelving scheme Damaged status Not for loan Collection code Home library Current library Shelving location Date acquired Source of acquisition Total Checkouts Full call number Barcode Date last seen Price effective from Koha item type
Descarte   Dewey Decimal Classification     General Tehuacán Tehuacán Sala general 03/12/2013 Compra   658 500013 16/04/2024 03/12/2013 Libro
    Dewey Decimal Classification     General Tehuacán Tehuacán Sala general 03/12/2013 Compra   658 500058 08/01/2025 03/12/2013 Libro